000 00629nam a22002057a 4500
005 20160201132619.0
008 160201b ck ||||| |||| 00| 0 spa d
040 _aCO-BoIAVH
_cCO-BoIAVH
041 _aspa
044 _ack
090 _aLB
_b05901
100 1 _aRey, César
245 1 0 _aInforme del estado y gestión de los páramos en Colombia.
260 _aBogotá?:
_bGrupo de Trabajo en Páramos,
_cs.f..
300 _a177 páginas
_bmapas a color, tablas
650 1 4 _aPáramos
_xgestión
_zColombia
700 1 _aFranco, Lorena
700 1 _aCastaño-Uribe, Carlos
942 _2z
_cINFORME
999 _c18068
_d18068